Cambios ... en el cambio de siglo (Registro nro. 18435)
[ vista simple ]
| 000 -LEADER | |
|---|---|
| fixed length control field | 00551 a2200169 4500 |
| 001 - CONTROL NUMBER | |
| control field | ART_43235 |
| 005 - DATE AND TIME OF LATEST TRANSACTION | |
| control field | 20260410161737.0 |
| 008 - FIXED-LENGTH DATA ELEMENTS--GENERAL INFORMATION | |
| fixed length control field | 260409a |
| 100 1# - MAIN ENTRY--PERSONAL NAME | |
| Personal name | Lessard, Donald |
| 245 10 - TITLE STATEMENT | |
| Title | Cambios ... en el cambio de siglo |
| 700 1# - ADDED ENTRY--PERSONAL NAME | |
| Personal name | Schwartz, Eduardo |
| 700 1# - ADDED ENTRY--PERSONAL NAME | |
| Personal name | Edwards, Sebastián |
| 700 1# - ADDED ENTRY--PERSONAL NAME | |
| Personal name | de la Torre, José |
| 700 1# - ADDED ENTRY--PERSONAL NAME | |
| Personal name | Weinstein, David |
| 700 1# - ADDED ENTRY--PERSONAL NAME | |
| Personal name | Hanssens, Dominique M. |
| 773 0# - HOST ITEM ENTRY | |
| Title | Ejecutivos de finanzas |
| Related parts | Liderazgo ejecutivo. Cambios...en el cambio de siglo - Año 13, Nº 139 (sep. 1997) |
| Record control number | REV2863 |
No hay ítems disponibles.